Jez Butterworth Plays Quiz Stats

Quiz not verified by Sporcle

Also try: Literary Scholars
Challenge
Share
Tweet
Embed
Score 0/7 Timer 05:00
0 Plays Today
% Correct
Mojo
100%
Jerusalem
100%
The Winterling
42.9%
The Night Heron
28.6%
I Believe in Love
14.3%
Huge
14.3%
Palour Song
14.3%

You're not logged in!

Compare scores with friends on all Sporcle quizzes.
Sign Up with Email
OR
Log In

You Might Also Like...

Show Comments

Extras

Top Quizzes Today


Score Distribution

Your Account Isn't Verified!

In order to create a playlist on Sporcle, you need to verify the email address you used during registration. Go to your Sporcle Settings to finish the process.